Città attraversate da grandi fiumi - Europa orientale e Balcani - Statistics

Statistiche generali
  • Questo quiz è stato fatto 49 volte
  • Il punteggio medio è 16 su 24
Statistiche sulle risposte
Città Fiumi % Corretto
Galati (Romania) Danubio (2858 km)
97%
Novi Sad (Serbia) Danubio (2858 km)
97%
Ruse (Bulgaria) Danubio (2858 km)
97%
Belgrado (Serbia) Danubio (2858 km) e Sava (945 km)
97%
Samara (Russia) Volga (3531 km)
97%
Kazan (Russia) Volga (3531 km)
97%
Volgograd (Russia) Volga (3531 km)
97%
Astrachan (Russia) Volga (3531 km)
97%
Rostov (Russia) Don (1870 km)
89%
Smolensk (Russia) Dnepr (2285 km)
80%
Kiev (Ucraina) Dnepr (2285 km)
80%
Zaporizzja (Ucraina) Dnepr (2285 km)
80%
Tiraspol (Moldavia/Transnistria) Dnestr (1362 km)
63%
Zagabria (Croazia) Sava (945 km)
63%
Maribor (Slovenia) Drava (720 km)
54%
Mosca (Russia) Moscova (508 km)
49%
San Pietroburgo (Russia) Neva (74 km)
49%
Riga (Lettonia) Daugava (1020 km)
37%
Skopje (Macedonia del Nord) Vardar (388 km)
31%
Arcangelo (Russia) Dvina Settentrionale (744 km)
29%
Perm' (Russia) Kama (1809 km)
23%
Mostar (Bosnia Erzegovina) Narenta (218 km)
23%
Niznij Novgorod (Russia) Oka (1500 km)
17%
Orel (Russia) Oka (1500 km)
17%
Nessun quiz corrispondente trovato
Distribuzione punteggi
Percentuale di utenti per punteggio
Percentile per numero di risposta
I tuoi punteggi nel tempo
Non hai fatto questo quiz